ARRUPE JESUIT UNIVERSITY

CORONAVIRUS -STOP THE SPREAD - CLEAN,DISINFECT,COVER

On the renewal of the religious life according to the teachings of the Second Va (Record no. 92685)

MARC details
000 -LEADER
fixed length control field 00677nam a2200217Ia 4500
003 - CONTROL NUMBER IDENTIFIER
control field 0100
005 - DATE AND TIME OF LATEST TRANSACTION
control field 20140325164816.0
008 - FIXED-LENGTH DATA ELEMENTS--GENERAL INFORMATION
fixed length control field 130307s9999 xx 000 0 und d
040 ## - CATALOGING SOURCE
Transcribing agency ARRUPELIB
050 ## - LIBRARY OF CONGRESS CALL NUMBER
Classification number BX2435.P3
100 ## - MAIN ENTRY--PERSONAL NAME
Personal name Paul VI, Pope
9 (RLIN) 9300
245 ## - TITLE STATEMENT
Title On the renewal of the religious life according to the teachings of the Second Va
245 ## - TITLE STATEMENT
Remainder of title June 29, 1971, an apostolic exhortation
260 ## - PUBLICATION, DISTRIBUTION, ETC. (IMPRINT)
Place of publication, distribution, etc Boston MA
260 ## - PUBLICATION, DISTRIBUTION, ETC. (IMPRINT)
Name of publisher, distributor, etc Daughters of St. Paul
300 ## - PHYSICAL DESCRIPTION
Extent 38p
650 ## - SUBJECT ADDED ENTRY--TOPICAL TERM
Topical term following geographic name as entry element Big game hunting--South Africa
9 (RLIN) 9301
650 ## - SUBJECT ADDED ENTRY--TOPICAL TERM
Location of event South Africa--Description and travel
9 (RLIN) 9302
700 ## - ADDED ENTRY--PERSONAL NAME
Personal name On the renewal of religious life
9 (RLIN) 9303
942 ## - ADDED ENTRY ELEMENTS (KOHA)
Source of classification or shelving scheme Library of Congress Classification
Koha item type Monograph ( Printed materials)
Holdings
Withdrawn status Lost status Source of classification or shelving scheme Damaged status Not for loan Collection code Home library Current library Shelving location Date acquired Total Checkouts Full call number Barcode Date last seen Date checked out Copy number Price effective from Koha item type
    Library of Congress Classification     Main Collection ARRUPE LIBRARY ARRUPE LIBRARY   07/03/2013 1 BX2435.P3 46003036177 22/11/2017 08/10/2015 1 07/03/2013 Monograph ( Printed materials)
    Library of Congress Classification     Main Collection ARRUPE LIBRARY ARRUPE LIBRARY Main Collection 28/10/2014   BX2435.P3 46500001286 22/11/2017   2 28/10/2014 Monograph ( Printed materials)

 

Arrupe Library. PO Box MP320 Mt Pleasant, Harare, Zimbabwe
263 242 745411|librarian@aju.ac.zw